Normal view
MARC view
Entry Topical Term
001 - CONTROL NUMBER
- control field: 52498
003 - CONTROL NUMBER IDENTIFIER
- control field: ARRUPE
005 - DATE AND TIME OF LATEST TRANSACTION
- control field: 20240305143031.0
008 - FIXED-LENGTH DATA ELEMENTS
- fixed length control field: 240305|| aca||aabn | a|a d
040 ## - CATALOGING SOURCE
- Original cataloging agency: ARRUPE
- Transcribing agency: ARRUPE
150 ## - HEADING--TOPICAL TERM
- Topical term or geographic name as entry element: United States
- Form subdivision: economic policy
- Chronological subdivision: 1971-1981
670 ## - SOURCE DATA FOUND
- Source citation: Work cat.: (ARRUPE)131818: Campangna S, Anthony 52497, econimic policy in the carter Administration., 1995.